| 000 | 00490nam a22001697a 4500 | ||
|---|---|---|---|
| 999 |
_c1614 _d1614 |
||
| 003 | OSt | ||
| 005 | 20180918132939.0 | ||
| 008 | 180918b ||||| |||| 00| 0 eng d | ||
| 020 | _a0871482908 | ||
| 040 | _cDLC | ||
| 082 |
_aREF 220.7 _bH919E |
||
| 245 |
_aEvangelical Sunday School Lesson Commentry / _cBy James E.Humbertson. |
||
| 260 |
_aTennessee, USA : _bPathway Press, _cc1978. |
||
| 300 | _a364 p.: | ||
| 630 |
_aEvangelical Sunday School Lesson Commentry _y1978-79 |
||
| 942 |
_2ddc _cREF |
||